000
003280000a22001450004500
001
005643
003
MACL
040
_a
MACL
090
_c
17636
_d
17635
245
_a
Al-Bayan fi uloom ul Quran
_b
Haq Molvi Abu Mohd Abdul
260
_a
Matba Maarif Azam Garh
350
_a
5.25
650
_a
Urdu Literature
942
_k
891
_c
Book
999
_c
17525
_d
17525